MyGZULibrary

Tort law / (Record no. 9000)

MARC details
000 -LEADER
fixed length control field 02537cam a22003494a 4500
001 - CONTROL NUMBER
control field 15330925
003 - CONTROL NUMBER IDENTIFIER
control field GZU
005 - DATE AND TIME OF LATEST TRANSACTION
control field 20210527114948.0
008 - FIXED-LENGTH DATA ELEMENTS--GENERAL INFORMATION
fixed length control field 080616s2008 enk b 001 0 eng
010 ## - LIBRARY OF CONGRESS CONTROL NUMBER
LC control number 2008026797
020 ## - INTERNATIONAL STANDARD BOOK NUMBER
International Standard Book Number 9781405859493 (pbk. : alk. paper)
020 ## - INTERNATIONAL STANDARD BOOK NUMBER
International Standard Book Number 1405859490 (pbk. : alk. paper)
035 ## - SYSTEM CONTROL NUMBER
System control number (OCoLC)ocn232258099
040 ## - CATALOGING SOURCE
Original cataloging agency DLC
Transcribing agency DLC
Modifying agency BWKUK
-- BWK
-- CDX
-- YDXCP
-- DLC
043 ## - GEOGRAPHIC AREA CODE
Geographic area code e-uk-en
050 00 - LIBRARY OF CONGRESS CALL NUMBER
Classification number KD1949
Item number .M38 2008
082 00 - DEWEY DECIMAL CLASSIFICATION NUMBER
Classification number 346.4203
Edition number 22
100 1# - MAIN ENTRY--PERSONAL NAME
Personal name McBride, Nicholas J.
245 10 - TITLE STATEMENT
Title Tort law /
Statement of responsibility, etc. Nicholas J. McBride and Roderick Bagshaw.
250 ## - EDITION STATEMENT
Edition statement 3rd ed.
260 ## - PUBLICATION, DISTRIBUTION, ETC.
Place of publication, distribution, etc. Harlow, England ;
-- New York :
Name of publisher, distributor, etc. Pearson/Longman,
Date of publication, distribution, etc. 2008.
300 ## - PHYSICAL DESCRIPTION
Extent lviii, 847 p. ;
Dimensions 24 cm.
440 #0 - SERIES STATEMENT/ADDED ENTRY--TITLE
Title Longman law series
504 ## - BIBLIOGRAPHY, ETC. NOTE
Bibliography, etc. note Includes bibliographical references (p. [821]-832) and index.
505 0# - FORMATTED CONTENTS NOTE
Formatted contents note What is a tort? -- An overview of tort law -- Tort law and its critics -- Duties of care : an introduction -- The legacy of Donoghue v Stevenson -- The principle in Hedley Byrne and associated principles -- Situations giving rise to a duty to act -- Statuses giving rise to a duty to act -- Duties of care : evaluation of the current law -- Breach of duty -- Assault and battery -- False imprisonment -- Defamation -- Harassment -- Invasion of privacy -- Conversion -- Trespass to goods -- Trespass to land -- Private nuisance -- Inducing a breach of contract -- Intentional infliction of harm by unlawful means -- Conspiracy -- Torts involving the deception of others -- Torts involving the misuse of power -- Tortsinvolving the breach of a statutory duty -- Limits on the right to sue -- Causation of loss -- Actionability -- Quantification of loss -- Reduction in liability -- Liability to third parties -- Accessory liability -- Vicarious liability -- Nominal damages -- Aggravated damages -- Exemplary damages -- Gain-based damages -- Damages for conversion -- Injunction -- Specific restitution of goods -- The Human Rights Act 1998 -- Liability for dangerous things -- The Consumer Protection Act 1987 -- Public nuisance -- Loss compensation schemes.
650 #0 - SUBJECT ADDED ENTRY--TOPICAL TERM
Topical term or geographic name entry element Torts
Geographic subdivision England.
700 1# - ADDED ENTRY--PERSONAL NAME
Personal name Bagshaw, Roderick.
856 41 - ELECTRONIC LOCATION AND ACCESS
Materials specified Table of contents only
Uniform Resource Identifier <a href="http://www.loc.gov/catdir/toc/ecip0821/2008026797.html">http://www.loc.gov/catdir/toc/ecip0821/2008026797.html</a>
906 ## - LOCAL DATA ELEMENT F, LDF (RLIN)
a 7
b cbc
c orignew
d 1
e ecip
f 20
g y-gencatlg
942 ## - ADDED ENTRY ELEMENTS (KOHA)
Source of classification or shelving scheme Library of Congress Classification
Koha item type Books
Edition 3rd
Classification part 1949
Item part MCB
Call number prefix KD
Call number suffix 2008
Holdings
Withdrawn status Lost status Damaged status Not for loan Collection code Home library Current library Shelving location Date acquired Total Checkouts Full call number Barcode Date last seen Copy number Price effective from Koha item type
        Non-fiction Law Library Law Library General Stacks 05/27/2021   KD1949 MCB 2008 005072 05/27/2021 c.1 05/27/2021 Books